Minecraft Loot: Desert Village - Statistics

General Stats
  • This quiz has been taken 11 times
  • The average score is 6 of 9
Answer Stats
Pool Item Stack Size Weight % Correct
1(3-8) Bread 1-4 28%
100%
1(3-8) Wheat 1-7 28%
100%
1(3-8) Cactus 1-4 28%
89%
1(3-8) Dead Bush 1-3 5.6%
89%
1(3-8) Emerald 1-3 2.8%
89%
1(3-8) Green Dye 1 2.8%
56%
1(3-8) Book 1 2.8%
44%
2(1) Bundle 1 33%
44%
1(3-8) Clay Ball 1 2.8%
22%
No matching quizzes found
Score Distribution
Percent of People with Each Score
Percentile by Number Answered
Your Score History
You have not taken this quiz